=LDR 00000nam 2200000 4500 =001 INLIS000000000035076 =005 20130612140947 =008 ***********************************Ind** =035 ##$$0010-061300000035076 =041 ##$$a Ind =082 ##$$a 668 =090 ##$$a 668, Kom a =100 ##$$a Komar, Zaman A =245 ##$$a Aneka resep industri pilihan, membuat 347 macam produk industri konsumsi di masyarakat, Zaman A Komar =260 ##$$a 1995 $b Solo =300 ##$$a 180 hlm, ilus, 20 cm =650 ##$$a Aneka Resep - Industri =850 ##$$a NBPNMAT